Κατάλογος Βιβλιοθηκών Mediterranean College

Ελληνικό Γενικό Λογιστικό Σχέδιο / Εκπαιδευτικό Βοήθημα: Μέρος Α' (Record no. 5125)

MARC details
000 -LEADER
fixed length control field 02407cam a22001934a 4500
005 - ΗΜΕΡΟΜΗΝΙΑ ΚΑΙ ΩΡΑ ΤΕΛΕΥΤΑΙΑΣ ΕΝΗΜΕΡΩΣΗΣ
Πεδίο ελέγχου 20250605164205.0
008 - FIXED-LENGTH DATA ELEMENTS--GENERAL INFORMATION
Πεδίο ελέγχου σταθερού μήκους 250528s ||||||||||||||||||||||||d
035 ## - SYSTEM CONTROL NUMBER
System control number 19882
020 ## - ISBN
ISBN 9609042945
040 ## - ΠΗΓΗ ΚΑΤΑΛΟΓΟΓΡΑΦΗΣΗΣ
Φορέας πρωτότυπης καταλογογράφησης MC Athens Campus Library
Γλώσσα καταλογογράφησης Ελληνικά, Μοντέρνα (1453-)
Modifying agency MC Athens Campus Library
Κανόνες περιγραφικής καταλογογράφησης AACR2
245 1# - ΤΙΤΛΟΣ ΚΑΙ ΔΗΛΩΣΗ ΥΠΕΥΘΥΝΟΤΗΤΑΣ
Τίτλος Ελληνικό Γενικό Λογιστικό Σχέδιο / Εκπαιδευτικό Βοήθημα: Μέρος Α'
260 ## - PUBLICATION, DISTRIBUTION, ETC.
Name of publisher, distributor, etc. Καούνης,
Date of publication, distribution, etc. 1999
300 ## - PHYSICAL DESCRIPTION
Extent 680
520 ## - SUMMARY, ETC.
Summary, etc. Εισαγωγή στη Λογιστική - Πεδία Εφαρμογών της Λογιστικής - Σκοποί της Λογιστικής - Επιστημονική Κατάταξη της Λογίστικής, Δίαρθρωση του Σχεδίου Λογαριασμών, Βασικές Αρχές, Διάρθρωση του Σχεδίου Λογαριασμών, Γενική Λογιστική, Σχέδιο Λογαριασμών Γενικής Λογιστικής, Πάγιο Ενεργητικό, Αποθέματα, Απαιτήσεις και Διαθέσιμα, Καθαρή Θέση - Προβλέψεις - Μακροπρόθεσμες Υποχρεώσεις, Βραχυπρόθεσμες Υποχρεώσεις, Οργανικά Έξοδα Κατ'Είδος, Οργανικά Έσοδα Κατ'Είδος, Λογαριασμοί Αποτελεσμάτων, Σχέδιο Υποχρεωτικών Λογαριασμών Αναλυτικής Λογιστικής Εκμεταλεύσεως, Λειτουργία και Συνδεσμολογία των Λογαριασμών της Γενικής Λογιστικής με Διευκρινίσεις στην Ορολογία και στο Περιεχόμενο τους, Πάγιο Ενεργητικό, Αποθέματα, Απαιτήσεις και Διαθέσιμα, Καθαρή Θέση - Προβλέψεις - Μακροπρόθεσμες Υποχρεώσεις, Βραχυπρόθεσμες Υποχρεώσεις, Οργανικά Έξοδα Κατ'Έιδος, Οργανικά Έσοδα Κατ'Έιδος, Λογαριασμοί Αποτελεσμάτων, Πράξεις και Συνάλλαγμα και Άλλα Συναφή Θέματα, Λογαριασμοί Τάξεως, Οικονομικές Καταστάσεις και Αριθμοδείκτες.
700 1# - ΠΡΟΣΘΕΤΗ ΑΝΑΓΡΑΦΗ--ΦΥΣΙΚΟ ΠΡΟΣΩΠΟ
Personal name Καούνης Δικαίος
9 (RLIN) 2775
942 ## - ADDED ENTRY ELEMENTS (KOHA)
Koha item type Books
Holdings
Τύπος τεκμηρίου Βιβλιοθήκη Τρέχουσα τοποθεσία Barcode Αριθμός εισαγωγής Ημερομηνία απόκτησης Ταξιθετικό σύμβολο Αριθμός αντιτύπου Κατάσταση απόσυρσης Κατάσταση χαμένου Κατάσταση κατεστραμμένου Μη δανεισμός Σύνολο δανεισμών Σύνολο ανανεώσεων Ημερομηνία λήξης Ημερομηνία τελευταίας εμφάνισης Χρονολογία τελευταίου δανεισμού Η τιμή ισχύει από
Books MC Athens Campus Library MC Athens Campus Library 9780000051240 6042 05/06/2025 657 ΚΑΟ 1         1 2 16/04/2026 26/03/2026 26/03/2026 05/06/2025

MC Athens Campus Library
Πατησίων 94 & Κοδριγκτώνος 13, 104 34
Πελλήνης 8 & Πατησίων 107, 112 51
Τ: +30 210 8899600

MC Thessaloniki Campus Library
Ίωνος Δραγούμη 21, 54625 | Ίωνος Δραγούμη 15, 54625
Τ: +30 2310 287779 – Τ: +30 2314 440300